00193nam a2200085Ia 4500008004100000100000900041245002800050260002000078260000900098170620s9999 xx 000 0 und d aBasu 0aCriminal Procedure Code bPHI : New Delhi c1997